Water polo /

Bibliographic Details
Main Author: Barr, David L.
Other Authors: Gordon, Andrew
Format: Book
Language:English
Published: East Ardsley, [England] : EP Publishing, 1980.
Series:EP sport series.
Subjects:

MARC

Tag First Indicator Second Indicator Subfields
LEADER 00000cam a2200000 a 4500
001 in00000071722
005 20151008062349.0
008 810501s1980 enka b 00010 eng d
020 |a 071580684X 
035 |a (OCoLC)07381707 
035 |9 AAK0065AM 
040 |a SPI  |c SPI  |d TXA  |d UtOrBLW 
049 |a TXAM  |c [1272065] 
090 |a GV839  |b .B3 
092 |a 797.25  |b BARR 
100 1 |a Barr, David L. 
245 1 0 |a Water polo /  |c David Barr & Andrew Gordon. 
264 1 |a East Ardsley, [England] :  |b EP Publishing,  |c 1980. 
300 |a 112 pages :  |b illustrations ;  |c 21 cm. 
336 |a text  |b txt  |2 rdacontent 
337 |a unmediated  |b n  |2 rdamedia 
338 |a volume  |b nc  |2 rdacarrier 
490 1 |a EP sport series 
504 |a Bibliography: page 112. 
650 0 |a Water polo. 
700 1 |a Gordon, Andrew. 
830 0 |a EP sport series. 
999 |a MARS 
999 f f |s 9bcfcda2-e7f3-3510-9977-da0cb6909471  |i 43e873b2-49b6-3873-8771-c252f1b135e2  |t 0 
952 f f |p normal  |a Texas A&M University  |b College Station  |c Sterling C. Evans Library  |d Evans: Library Stacks  |t 0  |e GV839 .B3  |h Library of Congress classification  |i unmediated -- volume  |m A14806116539 
998 f f |a GV839 .B3  |t 0  |l Evans: Library Stacks